000 00416nam a2200181Ia 4500
001 13625
005 20260306164815.0
008 260306t1996||||xx |||||||||||||| ||spa||
041 _aESP
082 _a005.1
_bL595
100 _aLynch, Nancy A.
_eAUT
245 0 _aDistributed algorithms
260 _c1996
300 _a872 páginas :
_c24 cm.
650 _aGEN
654 _aCCC
942 _cLIB
_dJUS
_fJUS
_2ddc
_n
999 _c13625
_d13625